| 000 | 00960cem a22002295a 4500 | ||
|---|---|---|---|
| 001 | L140359 | ||
| 008 | 070919s1986 xxk a 0 f eng u | ||
| 035 | _a(Sirsi) u140359 | ||
| 041 | 0 | _aeng | |
| 110 | 2 |
_aLondon Topographical Society _9106 |
|
| 245 | 0 | 4 |
_aThe Kentish Town panorama _h[cartographic material] |
| 250 | _aFacsim. | ||
| 255 | _aScale not given | ||
| 260 |
_aLondon _bLondon Topographical Society _c1986 |
||
| 300 |
_a1 panorama on 26 sheets _bin folder, _c24 x 59 cm. + _e1 v. (31 p. ; 21 cm.) |
||
| 500 | _aPublished in conjunction with the London Borough of Camden, Libraries and Arts Department | ||
| 500 | _aThe item is accompanied by a booklet including biographical information on James Frederick King and information on the houses in each panel of the panorama. | ||
| 651 | 4 | _aLondon | |
| 690 | _aENVIRONMENTAL AND LAND CONSULTANCY-GEOMATICS-MAPPING AND POSITIONING-CARTOGRAPHY | ||
| 700 | 1 | _aKing, James Frederick | |
| 942 | _n0 | ||
| 999 |
_c116849 _d116849 |
||